000 00973nam a2200217Ii 4500
003 JO-AjNU
008 230605s9999||||xx |||||||||||||| ||und||
020 _a9973-837-09-6
040 _aJO-AjNU
_bara
_erda
_cJO-AjNU
041 _aara
050 1 4 _aHF13569.2001
100 3 _aمركز المرأة العربية للتدريب والبحوث,
_eauthor
_945314
245 0 0 _aالعولمة والنوع الاجتماعي:المشاركة الاقتصادية للمراة العربية
264 3 1 _aتونس: مركز المرأة العربية للتدريب والبحوث،2001
300 _a276ص
_bيحتوي على جداول،يحتوي على ملاحق من ص205-276
336 _atext
_btxt
_2rdacontent
337 _aunmediated
_bn
_2rdamedia
338 _avolume
_bnc
_2rdacarrier
490 0 _aتقرير تنمية المرأة العربية
650 4 _aالمرأة العاملة-البلاد العربية- احوال اجتماعية
_945315
999 _aA19633
_c23201
_d23201